|
|
|
|
| LEADER |
00000cam a2200000 7i4500 |
| 001 |
0000019700 |
| 005 |
20160309.0 |
| 008 |
080618 |
| 020 |
|
|
|a 1582790264
|
| 090 |
0 |
0 |
|a 940.3
|b GRE
|
| 245 |
1 |
4 |
|a The great war :
|b the illustrated history of the first world war, Volume II
|c edited by H. W. Wilson and J. A. Hammerton
|
| 250 |
|
|
|a Volume 3 & volume 4 in volume 2
|
| 260 |
|
|
|a USA :
|b Trident Press International ,
|c 1999
|
| 440 |
|
4 |
|a The great war : the illustrated history of the first world war
|
| 650 |
|
0 |
|a War
|x Digging in
|
| 700 |
1 |
|
|a Hammerton, J. A
|
| 700 |
1 |
|
|a Wilson, H. W
|
| 999 |
|
|
|a 0000826189
|b Book
|c REFERENCE
|e Cawangan Segamat
|
| 999 |
|
|
|a 0001025547
|b Book
|c REFERENCE
|e Cawangan Kota Tinggi
|
| 999 |
|
|
|a 0001394997
|b Book
|c Adult Collection
|e Cawangan AEON Kulaijaya
|
| 999 |
|
|
|a 0001442129
|b Book
|c Adult Collection
|e Cawangan Tmn. Ungku Tun Aminah
|